Frontiers in Synaptic Plasticity: Dendritic Spines, Circuitries and Behavior (Record no. 23182)

MARC details
000 -LEADER
fixed length control field 00733nam a2200133Ia 4500
008 - FIXED-LENGTH DATA ELEMENTS--GENERAL INFORMATION
fixed length control field 220620s9999||||xx |||||||||||||| ||und||
022 ## - INTERNATIONAL STANDARD SERIAL NUMBER
International Standard Serial Number 16648714
100 ## - MAIN ENTRY--PERSONAL NAME
Personal name Oliver von Bohlen und Halbach||Alberto A. Rasia-Filho||Rochelle S. Cohen
245 #0 - TITLE STATEMENT
Title Frontiers in Synaptic Plasticity: Dendritic Spines, Circuitries and Behavior
546 ## - LANGUAGE NOTE
Language note English[eng]
650 ## - SUBJECT ADDED ENTRY--TOPICAL TERM
Topical term or geographic name entry element Synaptic Function||dendritic spine function||neural circuits and behavior||synaptic remodeling||dendritic spine structure||neuroimmune interactions||Synaptic Transmission||sexual dimorphism||psychiatric disorders
856 ## - ELECTRONIC LOCATION AND ACCESS
Uniform Resource Identifier <a href="http://journal.frontiersin.org/researchtopic/3065/frontiers-in-synaptic-plasticity-dendritic-spines-circuitries-and-behavior">http://journal.frontiersin.org/researchtopic/3065/frontiers-in-synaptic-plasticity-dendritic-spines-circuitries-and-behavior</a>
942 ## - ADDED ENTRY ELEMENTS (KOHA)
Koha item type E-Books
Holdings
Withdrawn status Lost status Damaged status Not for loan Home library Current library Date acquired Total Checkouts Date last seen Price effective from Koha item type
        Kerala University of Digital Sciences, Innovation and Technology Knowledge Centre Kerala University of Digital Sciences, Innovation and Technology Knowledge Centre 20/06/2022   20/06/2022 20/06/2022 E-Books